000 00762nam a22002417a 4500
005 20170124110010.0
010 _aB-181236
020 _c00.00
_a8171171710
035 _aB-181236
037 _bCen Lib/Ret
040 _aDPL
_bEN
082 _a372.1
_bSHA
100 _aSharma, S.R.
_916635
245 _aTheory of curriculum planning for elementary education /
_cby S.R.Sharma
250 _a1st ed
260 _aNew Delhi
_bOmsons publications
_c2003
270 _bNew Delhi
_aT-7, Rajouri Garden
_e110002
300 _a285p. :
_c20cm(Hb)
_bill.
500 _aincludes index
650 _aObjectives of elementary education
_917666
650 _aTeacher education and the elementary curriculum.
_917667
942 _2ddc
_cEN
_h372.1
_mSHA
999 _c126490
_d126490